Microbiology laboratory manual

working in a microbiology laboratory presents a unique opprtunity to learn some basic principles on the safe handling of fluids and other materials that contain microorganisms. Through a series of experiments you will learn aseptic techniques that will allow you to effectively and safely work with m...

Descrizione completa

Salvato in:
Dettagli Bibliografici
Autore principale: Bey, Russell F.
Natura: Libro
Lingua:Undetermined
Pubblicazione: Australia Thomson learning 2001
Soggetti:
Tags: Aggiungi Tag
Nessun Tag, puoi essere il primo ad aggiungerne! !
Thư viện lưu trữ: Trung tâm Học liệu Trường Đại học Cần Thơ
LEADER 00892nam a2200217Ia 4500
001 CTU_128846
008 210402s9999 xx 000 0 und d
020 |c 86.95 
082 |a 616.01 
082 |b B573 
100 |a Bey, Russell F. 
245 0 |a Microbiology laboratory manual 
245 0 |c Russell F. Bey 
260 |a Australia 
260 |b Thomson learning 
260 |c 2001 
520 |a working in a microbiology laboratory presents a unique opprtunity to learn some basic principles on the safe handling of fluids and other materials that contain microorganisms. Through a series of experiments you will learn aseptic techniques that will allow you to effectively and safely work with microorganisms... 
650 |a bacteriology,microbiology 
650 |x laboratory manuals,laboratory manuals 
904 |i Năm 
980 |a Trung tâm Học liệu Trường Đại học Cần Thơ